Metodický návrh postupu definície výrobného stroja a nástrojov v CATIA

Salvato in:
Dettagli Bibliografici
Autore principale: Kišac, Tomáš (Autore)
Altri autori: Košťál, Peter (Relatore della tesi)
Natura: Manoscritto Libro
Lingua:slovacco
Pubblicazione: 2015
Soggetti:
Accesso online:http://is.stuba.sk/zp/portal_zp.pl?podrobnosti=112495
Tags: Aggiungi Tag
Nessun Tag, puoi essere il primo ad aggiungerne!!

MARC

LEADER 00000ntm a22000003a 4500
001 stuzp50627
003 SK-STU
005 20160719153619.9
007 ta
008 150427s2015----xo-----f-mn---000-0-slo-d
040 |a STU  |b slo 
041 0 |a slo 
100 1 |a Kišac, Tomáš  |u 063000  |4 aut  |U MTF Materiálovotechnologická fakulta  |T MTF Ústav výrobných technológií  |X 7200  |U M3000  |Y 83  |7 7200 
242 0 1 |a Methodological Proposal of Definition Mode of Production Machine and Tools in CATIA  |y eng 
245 1 0 |a Metodický návrh postupu definície výrobného stroja a nástrojov v CATIA 
260 |c 2015 
650 4 |a CATIA  |2 slo 
650 4 |a CNC stroje - sústruh a frézovačka  |2 slo 
650 4 |a rezné nástroje  |2 slo 
650 4 |a CNC program  |2 slo 
650 4 |a zoradenie CNC stroja  |2 slo 
650 4 |a CAM systém  |2 slo 
650 4 |a CATIA  |2 eng 
650 4 |a CNC machines - lathe and cutter machine  |2 eng 
650 4 |a cutting tools  |2 eng 
650 4 |a CNC program  |2 eng 
650 4 |a assembling of CNC machine  |2 eng 
650 4 |a CAM system  |2 eng 
700 1 |a Košťál, Peter  |4 ths  |X 216  |7 A000000216 
856 4 |u http://is.stuba.sk/zp/portal_zp.pl?podrobnosti=112495 
996 |c M* BP-7195  |l MMSKP  |s P  |a 0  |w stuzp50627_0001 
SQL |a stuzp50627  |b DBP  |c SLO  |d Metodický návrh postupu definície výrobného stroja a nástrojov v CATIA  |e 7200  |f Kišac, Tomáš  |g 063000  |h 216  |i Košťál, Peter  |j 20150702  |k 179  |l 06  |m http://is.stuba.sk/zp/portal_zp.pl?podrobnosti=112495  |n B-VZS  |o 5.2.50. výrobná technika